The potential for differential findings among invariance testing strategies for multisample measured variable path models /
Gardado en:
| Autor Principal: | |
|---|---|
| Outros autores: | , |
| Formato: | Artigo |
| Idioma: | English |
| Những chủ đề: | |
| Các nhãn: |
Engadir etiqueta
Sen Etiquetas, Sexa o primeiro en etiquetar este rexistro!
|
| Thư viện lưu trữ: | Thư viện Trường Đại học Đà Lạt |
|---|
| LEADER | 00953nam a2200289 4500 | ||
|---|---|---|---|
| 001 | DLU090098632 | ||
| 005 | ##20091201 | ||
| 040 | # | # | |a DLU |b eng |
| 041 | # | # | |a eng |
| 044 | # | # | |a us |
| 100 | # | # | |a Mann, Heather M. |
| 245 | # | # | |a The potential for differential findings among invariance testing strategies for multisample measured variable path models / |c Heather M. Mann, Daisy W. Rutstein, Gregory R. Hancock. |
| 653 | # | # | |a Invariance testing |
| 653 | # | # | |a Multisample |
| 653 | # | # | |a Path analysis |
| 700 | # | # | |a Hancock, Gregory R. |
| 700 | # | # | |a Rutstein, Daisy W. |
| 773 | # | # | |t Educational and Psychological Measurement |g Vol. 69, no. 4 (August 2009), p. 603-612 |
| 920 | # | # | |a Phòng Tạp chí -- Trung tâm Thông tin - Thư viện Trường Đại học Đà Lạt |
| 994 | # | # | |a DLU |
| 900 | # | # | |a True |
| 911 | # | # | |a Trương Bảo Trâm Anh |
| 925 | # | # | |a G |
| 926 | # | # | |a A |
| 927 | # | # | |a BB |
| 980 | # | # | |a Thư viện Trường Đại học Đà Lạt |